|
|
|
|
| LEADER |
00000nab#a22000007a#4500 |
| 001 |
arbauad041043 |
| 003 |
AR-BaUAD |
| 005 |
20250711113220.0 |
| 008 |
991021|||||||||###||||||b###|0###a|spa|| |
| 040 |
|
|
|a AR-BaUAD
|c AR-BaUAD
|b spa
|
| 100 |
|
|
|a Sausset, Damien
|
| 245 |
|
|
|a Sous les palmes de Majorelle /
|c Damien Sausset;
|
| 300 |
0 |
|
|b p. 68-71 ; 96: fot. col.
|
| 653 |
|
|
|a MARRUECOS
|
| 653 |
|
|
|a JARDINES
|
| 653 |
|
|
|a DISEÑO
|
| 653 |
|
|
|a JARDINES MAJORELLE
|
| 653 |
|
|
|a MAJORELLE, JACQUES
|
| 653 |
|
|
|a BIOGRAFIAS
|
| 773 |
0 |
|
|t L'OEIL
|g no. 510 [oct. 1999]
|
| 942 |
|
|
|c ARTI
|
| 952 |
|
|
|0 0
|1 0
|4 0
|7 0
|9 85962
|a AR-BAuAD
|b AR-BAuAD
|d 2025-07-11
|l 0
|p AAQA041043
|r 2025-07-11 11:32:20
|w 2025-07-11
|y ARTI
|
| 990 |
|
|
|a P199
|b TD
|
| 998 |
|
|
|a AAQ
|b BIBUN76
|
| 999 |
|
|
|c 65635
|d 65635
|